Statistics for NBA Initials

Click here to take the quiz!

General Stats

  • This quiz has been taken 27 times
  • The average score is 14 of 17

Answer Stats

InitialsPlayer% Correct
KDKevin Durant
100%
LBJLeBron James
100%
MJMichael Jordan
100%
ADAnthony Davis
96%
CP3Chris Paul
96%
KGKevin Garnett
96%
PG13Paul George
96%
VCVince Carter
96%
ITIsaiah Thomas
92%
KATKarl-Anthony Towns
92%
AIAllen Iverson
88%
KCPKentavious Caldwell-Pope
72%
MKGMichael Kidd-Gilchrist
56%
GPGary Payton
52%
RJRichard Jefferson
48%
JETJason Terry
44%
JVJonas Valanciunas
28%

Score Distribution

Percentile by Number Answered

Percent of People with Each Score

Your Score History

You have not taken this quiz